Personnages Ici Tout Commence - Statistiques

Statistiques générales
  • Ce quiz a été pris 2 470 fois
  • Le résultat moyen est 29 sur 49
Statistiques - réponses
Nom de famille Prénom % Correct
Dekens Salomé
93%
Armand Auguste
91%
Latour Rose
91%
Guinot Louis
90%
Grimbert Anaïs
88%
Armand Clotilde
88%
Teyssier Emmanuel
88%
Delobel Greg
88%
Delcourt Maxime
88%
Teyssier Théo
87%
Lanneau Lionel
86%
Myriel Antoine
85%
Teyssier Charlène
85%
Lopez Enzo
83%
Rochemont Hortense
83%
Guinot Claire
82%
Rigaut Kelly
78%
Teyssier Constance
77%
Mabsoute Mehdi
77%
Gaissac Célia
75%
Rivière Gaëtan
71%
Prévost Eliott
70%
Inesta Lisandro
68%
Matret Noémie
66%
Listrac Olivia
63%
Devaut Jérémy
62%
Rigaut Laëtitia
59%
Devaut Guillaume
58%
Rivière Ludivine
55%
Delobel Benoit
50%
Inesta Esteban
48%
Rivière Louane
48%
Lanneau Zoé
46%
Larroudé Elodie
44%
Gaissac Vincent
43%
Guéraud Marta
40%
Lanneau Inès
35%
Delobel Delphine
34%
Gaissac Diego
31%
Delprat Amandine
29%
Leroy Hugues
26%
Lanneau Stéphane
26%
Gaissac Alice
25%
Rivière Caroline
25%
Boisseron Gaëlle
23%
Gaissac Isabelle
23%
Rigaut Sylvie
22%
Mabsoute Lina
21%
Rochemont Daniel
20%
Aucun quiz correspondant
Distribution des résultats
% des personnes avec chaque résultat
Percentile par nombre de réponses
Votre historique - résultats
Vous n’avez pas pris ce quiz